Fortnite: Pirates of the Caribbean Skins - Statistics

General Stats
  • This quiz has been taken 30 times
  • The average score is 4 of 5
Answer Stats
Picture Answer % Correct
Davy Jones
96%
Jack Sparrow
96%
Captain Barbossa
75%
Elizabeth Swann
63%
Cursed Jack Sparrow
42%
No matching quizzes found
Score Distribution
Percent of People with Each Score
Percentile by Number Answered
Your Score History
You have not taken this quiz